| 000 | 01153cam a22002655a 4500 | ||
|---|---|---|---|
| 001 | 927199 | ||
| 005 | 20171218121704.0 | ||
| 008 | 820925s1976 sz frb i100 0 eng d | ||
| 020 | _a9221015106 | ||
| 040 |
_aDLC _cDLC _dDLC _dEG-ScBUE _beng |
||
| 082 | 0 | 4 |
_a338.9 _222 _bEMP |
| 110 | 2 |
_aInternational Labour Office _937621 |
|
| 245 | 1 | 0 |
_aEmployment, growth, and basic needs : _ba one-world problem : report of the Director-General of the International Labour Office. |
| 260 |
_aGeneva : _bInternational Labour Office, _c1976. |
||
| 300 |
_avi, 177 p. ; _c24 cm. |
||
| 500 | _aAt head of title: Tripartite World Conference on Employment, Income Distribution, and Social Progress and the International Division of Labour. | ||
| 504 | _aIncludes bibliographical references. | ||
| 650 | 7 |
_aManpower policy. _2BUEsh _913912 |
|
| 650 | 7 |
_aEconomic development. _2BUEsh _910495 |
|
| 650 | 7 |
_aPoverty. _2BUEsh _923744 |
|
| 651 | _2BUEsh | ||
| 653 |
_bGGEN _cDecember2017 |
||
| 711 | 2 |
_aTripartite World Conference on Employment, Income Distribution, and Social Progress and the International Division of Labour _d(1976 : _cGeneva, Switzerland) |
|
| 942 | _2ddc | ||
| 999 |
_c25729 _d25701 |
||